000 00611nam a2200169 a 4500
001 000034129
005 20200930070811.0
008 110926s1992 sp 000 0 spa d
040 _aDO-SdBNP
_bspa
_cBNPHU
082 _axxx
_bH519
100 1 _aHenríquez, Francisco
_959552
245 1 3 _aLa conquista de América en 60 sonetos. /
_cFrancisco Henríquez.
246 0 3 _aLa hazaña de la epíca conquista desde las playas de los hechos vista
_bla conquista de América, sonetos
260 _aEspaña :
_bVizcaya,
_c1992.
300 _a30 p. ;
_c22 cm.
500 _aPrimer premio "V centenario" el paisaje ediciones
999 _c33620
_d33620